[Event "10th Agzamov Mem 2016"]
[Site "Tashkent UZB"]
[Date "2016.04.21"]
[Round "4.9"]
[White "Nodirbek Abdusattorov"]
[Black "Adel Rahman"]
[Result "1-0"]
[EventDate "?"]
[WhiteElo "2391"]
[BlackElo "2295"]
[PlyCount "72"]

1. e4 c5 2. Nf3 d6 3. d4 cxd4 4. Nxd4 Nf6 5. Nc3 a6 6. Be3 e5 7. Nb3 Be6 8. f3 h5 9. Qd2 Nbd7 10. Nd5 Bxd5 11. exd5 Qc7 12. c4 a5 13. Rc1 g6 14. a4 b6 15. Bd3 Bg7 16. O-O O-O 17. Bb1 Nc5 18. Nxc5 bxc5 19. b3 Nh7 20. g4 f5 21. gxf5 gxf5 22. Kh1 Kh8 23. Rg1 Qf7 24. Bh6 Rg8 25. Bxg7+ Rxg7 26. Rxg7 Qxg7 27. Rg1 Qf6 28. Qg2 e4 29. fxe4 f4 30. e5 dxe5 31. Qe4 Nf8 32. Qf3 Qh6 33. h4 Ra7 34. Rg5 Nh7 35. Rxh5 Qf6 36. Qe4 1-0

[Event "10th Agzamov Mem 2016"]
[Site "Tashkent UZB"]
[Date "2016.04.20"]
[Round "3.10"]
[White "Abdimalik Abdisalimov"]
[Black "Nodirbek Abdusattorov"]
[Result "1/2-1/2"]
[EventDate "?"]
[WhiteElo "2289"]
[BlackElo "2391"]
[PlyCount "160"]

1. e4 c5 2. Nf3 d6 3. d4 cxd4 4. Nxd4 Nf6 5. f3 e5 6. Nb3 Be6 7. c4 a5 8. a4 Be7 9. Be3 O-O 10. Be2 Na6 11. O-O Rc8 12. Na3 Nd7 13. Qd2 Ndc5 14. Nxc5 Nxc5 15. Bd1 Qb6 16. Bc2 Qb4 17. Rfb1 Qxd2 18. Bxd2 Bd8 19. Nb5 Bb6 20. Kh1 Rfd8 21. b3 Na6 22. Rd1 Kf8 23. Bc3 Ke7 24. Rd2 Nb4 25. Rad1 Bc5 26. Bb1 f6 27. g3 h5 28. Kg2 g5 29. h3 Rc6 30. Bb2 h4 31. g4 Rdc8 32. Bc3 Rb6 33. Bd3 Bd7 34. Bf1 Be6 35. Bxb4 Bxb4 36. Ra2 Bc5 37. Bd3 Rbc6 38. Kf1 Rd8 39. Ke2 Bb4 40. Rc2 Kd7 41. Rcc1 Ra6 42. Bb1 Bc5 43. Kd3 Kc6 44. Kc3 Raa8 45. Kb2 Bf7 46. Bd3 Kb6 47. Na3 Be3 48. Rb1 Bc5 49. Nc2 Be8 50. Ra1 Kc7 51. Kc3 Rdc8 52. Be2 Ra6 53. Rab1 Rca8 54. Bd3 Rc6 55. Kb2 Raa6 56. Na3 Bxa3+ 57. Kxa3 Rab6 58. Rbc1 Bf7 59. Bb1 Rb4 60. Ba2 Rcb6 61. Rc2 Ra6 62. Kb2 Rc6 63. Kc1 Rcb6 64. Rc3 Kc6 65. Kc2 Ra6 66. Rcd3 Kc5 67. Kc3 Rbb6 68. R3d2 Rc6 69. Rd3 Ra8 70. Kb2 Rd8 71. Kc3 Rcc8 72. R3d2 Rc6 73. Rd3 Rcc8 74. R3d2 b6 75. Rd3 Rc7 76. R3d2 Rcc8 77. Rd3 Kc6 78. R3d2 Rd7 79. Bb1 Rcd8 80. Bc2 1/2-1/2

[Event "ch-UZB 2015"]
[Site "Tashkent UZB"]
[Date "2015.05.17"]
[Round "13.2"]
[White "Alisher Begmuratov"]
[Black "Nodirbek Abdusattorov"]
[Result "0-1"]
[EventDate "?"]
[WhiteElo "2255"]
[BlackElo "2465"]
[PlyCount "152"]

1. e4 e5 2. Nf3 Nc6 3. Nc3 Nf6 4. Bb5 Bd6 5. O-O O-O 6. d3 a6 7. Ba4 h6 8. h3 Re8 9. Nh2 b5 10. Bb3 Na5 11. Ng4 Nxb3 12. axb3 Bb7 13. Qf3 Nxg4 14. Qxg4 Re6 15. Ne2 Bc5 16. c4 Rg6 17. Qh5 Qf6 18. Be3 Bxe3 19. fxe3 Qb6 20. Kh2 Rf8 21. Qxe5 Qxe3 22. Nf4 d6 23. Qc3 Rg5 24. Rf3 Qb6 25. Raf1 b4 26. Qd2 Re8 27. Ne2 Re7 28. Ng3 a5 29. Nf5 Rd7 30. Qf4 c5 31. Rg3 Qd8 32. Qh4 Rxg3 33. Qxd8+ Rxd8 34. Kxg3 h5 35. Kh4 Kf8 36. Kg5 Bc6 37. Ne3 g6 38. Ra1 Ra8 39. Kf6 Ra6 40. Nd5 Bxd5 41. cxd5 Ra7 42. g4 h4 43. Ra4 Ra8 44. Ra2 Ra6 45. Kg5 Kg7 46. Ra1 Ra7 47. Kf4 f6 48. g5 fxg5+ 49. Kxg5 Ra8 50. Rf1 Rh8 51. Kg4 Re8 52. Kxh4 Rh8+ 53. Kg4 Ra8 54. Kg5 Rh8 55. h4 Rh5+ 56. Kg4 Rh8 57. Ra1 Ra8 58. h5 gxh5+ 59. Kf5 Kf7 60. e5 h4 61. exd6 Rh8 62. Rxa5 Rh5+ 63. Ke4 h3 64. Ra1 h2 65. Rh1 Ke8 66. Kf4 Kd7 67. d4 cxd4 68. Ke4 Rh4+ 69. Kd3 Kxd6 70. Kc4 d3+ 71. Kxd3 Kxd5 72. Ke3 Rh3+ 73. Kf4 Kd4 74. Kg4 Rh8 75. Kg3 Kd3 76. Kg2 Kc2 0-1

[Event "ch-UZB 2015"]
[Site "Tashkent UZB"]
[Date "2015.05.16"]
[Round "12.5"]
[White "Nodirbek Abdusattorov"]
[Black "Dzhurabek Khamrakulov"]
[Result "1/2-1/2"]
[EventDate "?"]
[WhiteElo "2465"]
[BlackElo "2436"]
[PlyCount "102"]

1. e4 c5 2. Nf3 g6 3. g3 Bg7 4. Bg2 Nc6 5. O-O d6 6. d3 Nf6 7. a4 O-O 8. Re1 a6 9. Nbd2 Rb8 10. Nf1 b5 11. h3 Nd7 12. axb5 axb5 13. N3h2 b4 14. f4 Nd4 15. Ne3 Bb7 16. Nhf1 e6 17. Bd2 Bc6 18. Rb1 Nb6 19. Nh2 Na4 20. Nhg4 Qc7 21. Nf2 Nb6 22. h4 f5 23. h5 e5 24. Nd5 Nxd5 25. exd5 Ba4 26. b3 Bd7 27. Nh3 Rbe8 28. hxg6 hxg6 29. Be3 Nb5 30. Rc1 Bf6 31. Qf3 Nc3 32. Qf2 e4 33. dxe4 fxe4 34. Qd2 Na2 35. Ra1 Bc3 36. Qf2 Bxa1 37. Rxa1 Nc3 38. Ng5 Nxd5 39. Bxe4 Nxe3 40. Qxe3 Bc6 41. Qd3 Bxe4 42. Nxe4 Qe7 43. Nxd6 Qe3+ 44. Qxe3 Rxe3 45. Kf2 Re6 46. Nc4 g5 47. Kf3 Ref6 48. Rg1 Kh7 49. Rh1+ Kg7 50. Rg1 Kh7 51. Rh1+ 1/2-1/2

[Event "ch-UZB 2015"]
[Site "Tashkent UZB"]
[Date "2015.05.15"]
[Round "11.1"]
[White "I Karimov"]
[Black "Nodirbek Abdusattorov"]
[Result "1-0"]
[EventDate "?"]
[WhiteElo "2253"]
[BlackElo "2465"]
[PlyCount "70"]

1. e4 e5 2. Nf3 Nc6 3. Bb5 Nf6 4. Bxc6 dxc6 5. d3 Nd7 6. O-O Bd6 7. Nbd2 O-O 8. Nc4 Re8 9. Nxd6 cxd6 10. d4 Qc7 11. Re1 h6 12. Nh4 Nf8 13. dxe5 dxe5 14. a4 Qa5 15. Bd2 Qd8 16. g3 Bh3 17. Be3 Qf6 18. Qh5 Be6 19. a5 Red8 20. f4 exf4 21. gxf4 Re8 22. e5 Qe7 23. f5 Bd5 24. c4 Bxc4 25. Qg4 Qb4 26. Bxh6 Qc5+ 27. Re3 Ng6 28. b4 Be2 29. Qxe2 Qd4 30. Rd1 Qxh4 31. fxg6 fxg6 32. Re4 Qh3 33. Bf4 Re6 34. Bg3 g5 35. Qg4 1-0

[Event "ch-UZB 2015"]
[Site "Tashkent UZB"]
[Date "2015.05.14"]
[Round "10.6"]
[White "Nodirbek Abdusattorov"]
[Black "Nodirbek Yakubboev"]
[Result "1/2-1/2"]
[EventDate "?"]
[WhiteElo "2465"]
[BlackElo "2273"]
[PlyCount "170"]

1. Nf3 d5 2. g3 c6 3. Bg2 Bg4 4. c4 e6 5. cxd5 exd5 6. O-O Nf6 7. d3 Be7 8. Nbd2 Nbd7 9. Qc2 Nc5 10. b3 O-O 11. Bb2 Nfd7 12. Rac1 Re8 13. e4 Nb6 14. Ne5 Be6 15. Rfd1 Ncd7 16. Ndf3 Nxe5 17. Nxe5 f6 18. Nf3 Qd7 19. Bd4 Rad8 20. e5 Rf8 21. Re1 Bb4 22. Re3 f5 23. Bc5 Bxc5 24. Qxc5 d4 25. Ree1 h6 26. Nd2 f4 27. Re4 fxg3 28. hxg3 Bf5 29. Ree1 Qe6 30. Qa3 Ra8 31. b4 Qg6 32. Nf3 Rfd8 33. Nh4 Qf7 34. Nxf5 Qxf5 35. Qb3+ Nd5 36. b5 Kh8 37. bxc6 bxc6 38. Qc4 Ne7 39. Be4 Qg5 40. Qe6 Rf8 41. Rc2 Rae8 42. Qd6 Nf5 43. Bxf5 Rxf5 44. e6 c5 45. e7 Rf7 46. Rce2 Rf6 47. Qd7 Qg6 48. Qxa7 Qxd3 49. Qxc5 Qc3 50. Qb5 Qc6 51. Qd3 Qd7 52. Re4 Rd6 53. Re5 Kg8 54. R1e4 Qa4 55. a3 Qd7 56. Kh2 Kh8 57. Rf4 Kg8 58. Rf8+ Rxf8 59. exf8=R+ Kxf8 60. Rf5+ Kg8 61. Rf4 Rd5 62. Kg1 Rd6 63. Qc4+ Kh7 64. Qd3+ Kg8 65. Re4 Rd5 66. Re1 Qf5 67. Qxf5 Rxf5 68. Ra1 Kf7 69. a4 d3 70. Kf1 Re5 71. Re1 d2 72. Rd1 Ra5 73. Rxd2 Rxa4 74. Kg2 Ra3 75. g4 h5 76. Rd7+ Kf6 77. gxh5 Ra5 78. Rd6+ Ke7 79. Rg6 Kf7 80. Rg3 Rxh5 81. f4 g5 82. fxg5 Kg6 83. Kf3 Rxg5 84. Rxg5+ Kxg5 85. Ke4 1/2-1/2

[Event "ch-UZB 2015"]
[Site "Tashkent UZB"]
[Date "2015.05.12"]
[Round "8.6"]
[White "Bahodir Holmirzaev"]
[Black "Nodirbek Abdusattorov"]
[Result "0-1"]
[EventDate "?"]
[WhiteElo "2376"]
[BlackElo "2465"]
[PlyCount "156"]

1. Nf3 Nf6 2. d4 e6 3. Bf4 d5 4. e3 Be7 5. Nbd2 b6 6. c3 Bb7 7. Ne5 h6 8. Bd3 a6 9. Qf3 c5 10. Qh3 Qc8 11. g4 Rf8 12. g5 hxg5 13. Bxg5 Nc6 14. Ndf3 Bd6 15. Rg1 cxd4 16. exd4 Qc7 17. Nxc6 Bxc6 18. Bh4 Nh5 19. Bg5 Rh8 20. Rg4 Bb5 21. O-O-O Kd7 22. Rh4 Nf4 23. Bxf4 Bxf4+ 24. Kb1 Bxd3+ 25. Rxd3 Rxh4 26. Qxh4 g5 27. Qh5 Kc6 28. Rd1 Qe7 29. Ne5+ Kc7 30. Re1 Rf8 31. Qh6 Kb7 32. Qg7 Qe8 33. h3 Ka8 34. Qf6 Bxe5 35. dxe5 Rh8 36. Qxg5 Rxh3 37. c4 Rd3 38. cxd5 Rxd5 39. Qe3 Kb7 40. Qf3 Ka7 41. Rc1 Qd7 42. Qe2 a5 43. f4 Kb7 44. Qf3 Ka7 45. a3 Rd2 46. Qc3 Kb7 47. Qf3+ Qd5 48. Qc3 Qd3+ 49. Qxd3 Rxd3 50. Rf1 Rd4 51. Kc2 Kc6 52. Kc3 Kd5 53. f5 Re4 54. Rd1+ Kxe5 55. fxe6 Kxe6 56. Rd8 Kf5 57. Rb8 Re6 58. b4 axb4+ 59. axb4 Ke4 60. b5 Kd5 61. Rc8 f5 62. Rf8 Re5 63. Kb4 Re4+ 64. Kc3 f4 65. Rf6 Kc5 66. Rf5+ Kd6 67. Rf6+ Ke7 68. Rf5 Ke6 69. Rf8 Ke5 70. Re8+ Kf5 71. Rf8+ Kg4 72. Rg8+ Kf3 73. Rg6 Ke2 74. Rg2+ Ke3 75. Rg6 f3 76. Rxb6 f2 77. Rc6 Ke2 78. Rf6 0-1

[Event "ch-UZB 2015"]
[Site "Tashkent UZB"]
[Date "2015.05.11"]
[Round "7.1"]
[White "Nodirbek Abdusattorov"]
[Black "Akmal Faizulaev"]
[Result "0-1"]
[EventDate "?"]
[WhiteElo "2465"]
[BlackElo "2385"]
[PlyCount "84"]

1. Nf3 g6 2. g3 Bg7 3. Bg2 c5 4. d4 cxd4 5. Nxd4 Nc6 6. Nb3 Nf6 7. Nc3 O-O 8. O-O d6 9. e4 Be6 10. Nd5 Rc8 11. Re1 Re8 12. c3 Ne5 13. Nd4 Bg4 14. f3 Nxd5 15. exd5 Bd7 16. Kh1 Qa5 17. h3 Nc4 18. f4 Bf6 19. Qd3 Qc5 20. Rd1 Nb6 21. Kh2 Qa5 22. Qe2 Ba4 23. b3 Qxc3 24. Bb2 Bb5 25. Qf2 Qa5 26. f5 Ba6 27. a3 Nd7 28. Rac1 Ne5 29. Qe3 Rxc1 30. Bxc1 Rc8 31. Bb2 Qb6 32. Ba1 Nd7 33. h4 Ne5 34. Qe4 Bb5 35. fxg6 hxg6 36. h5 Bd7 37. hxg6 fxg6 38. Ne6 Bxe6 39. dxe6 Kg7 40. Bd4 Qxb3 41. Rd2 Qxe6 42. Bxe5 Bxe5 0-1

[Event "ch-UZB 2015"]
[Site "Tashkent UZB"]
[Date "2015.05.10"]
[Round "6.5"]
[White "Ulugbek Tillyaev"]
[Black "Nodirbek Abdusattorov"]
[Result "1-0"]
[EventDate "?"]
[WhiteElo "2392"]
[BlackElo "2465"]
[PlyCount "50"]

1. e4 e5 2. Nf3 Nc6 3. Bc4 Bc5 4. O-O Nf6 5. d3 h6 6. c3 d6 7. Bb3 O-O 8. Re1 Bb6 9. Nbd2 Ne7 10. Nf1 Ng6 11. Ng3 c6 12. h3 Be6 13. Bc2 Qc7 14. d4 Rad8 15. Be3 Rfe8 16. Qc1 Qc8 17. Bxh6 gxh6 18. Qxh6 exd4 19. cxd4 Ba5 20. e5 dxe5 21. dxe5 Bb4 22. exf6 Bf8 23. Qh5 Rd5 24. Ng5 Rxg5 25. Qxg5 1-0

[Event "ch-UZB 2015"]
[Site "Tashkent UZB"]
[Date "2015.05.09"]
[Round "5.2"]
[White "Nodirbek Abdusattorov"]
[Black "Marat Dzhumaev"]
[Result "0-1"]
[EventDate "?"]
[WhiteElo "2465"]
[BlackElo "2505"]
[PlyCount "114"]

1. e4 c5 2. Nf3 e6 3. g3 Nc6 4. Bg2 d5 5. d3 g6 6. O-O Bg7 7. Re1 Nge7 8. e5 Qc7 9. Qe2 b6 10. Bf4 Bb7 11. h4 h6 12. c4 dxc4 13. dxc4 Nf5 14. Nc3 Ncd4 15. Nxd4 Nxd4 16. Qd3 O-O-O 17. Bxb7+ Qxb7 18. Ne4 g5 19. hxg5 hxg5 20. Bxg5 Bxe5 21. Bxd8 Kxd8 22. f4 Bg7 23. Re3 Kc7 24. Rae1 Nf5 25. Rf3 Bxb2 26. Kg2 Bg7 27. Kg1 Rd8 28. Qf1 Kc8 29. Qg2 Bd4+ 30. Kf1 Kc7 31. Ng5 Rh8 32. Re2 Kb8 33. Ne4 Nh6 34. Nf2 Qa6 35. Rc2 Nf5 36. Ne4 Qa4 37. Rb3 Ne3+ 38. Rxe3 Bxe3 39. Qe2 Bd4 40. Kg2 Qc6 41. Qf3 Rd8 42. Ng5 Qa4 43. Re2 Rd7 44. f5 e5 45. Qd3 Qc6+ 46. Qe4 Kc7 47. Kf3 Qf6 48. Qg4 a6 49. Ne4 Qh6 50. Kg2 Qc1 51. Qf3 Qxc4 52. Nf6 Rd8 53. g4 Qc1 54. Nh5 c4 55. Qf1 Qxf1+ 56. Kxf1 c3 57. g5 Rg8 0-1

[Event "ch-UZB 2015"]
[Site "Tashkent UZB"]
[Date "2015.05.08"]
[Round "4.4"]
[White "Bobur Sattarov"]
[Black "Nodirbek Abdusattorov"]
[Result "1/2-1/2"]
[EventDate "?"]
[WhiteElo "2370"]
[BlackElo "2465"]
[PlyCount "106"]

1. e4 e5 2. Nf3 Nc6 3. Bb5 a6 4. Bxc6 dxc6 5. O-O f6 6. d4 exd4 7. Nxd4 c5 8. Nb3 Qxd1 9. Rxd1 Bd7 10. Bf4 O-O-O 11. Nc3 Be6 12. Rxd8+ Kxd8 13. Rd1+ Kc8 14. Nd5 Bxd5 15. Rxd5 b6 16. Rd1 Ne7 17. Nd2 Nc6 18. c3 Nd8 19. Nc4 Ne6 20. Bg3 b5 21. Ne3 c4 22. Kf1 Bc5 23. Ke2 Re8 24. Rd5 c6 25. Rf5 Be7 26. Rh5 Ng5 27. Bh4 g6 28. Rh6 Nxe4 29. Rxh7 Nc5 30. Rf7 g5 31. Bg3 Kd7 32. h4 gxh4 33. Bxh4 Ke6 34. Rh7 Na4 35. Nd1 Kf5 36. Rh5+ Kg6 37. g4 Nxb2 38. Nxb2 Ba3+ 39. Kd2 Bxb2 40. f4 b4 41. cxb4 c3+ 42. Kc2 Re2+ 43. Kb3 Ba1 44. Rc5 Rb2+ 45. Ka3 Rh2 46. Be1 c2 47. Kb3 Re2 48. Bh4 Rh2 49. Be1 Re2 50. Bh4 Rh2 51. Be1 Re2 52. Bh4 Rh2 53. Be1 Re2 1/2-1/2

[Event "ch-UZB 2015"]
[Site "Tashkent UZB"]
[Date "2015.05.07"]
[Round "3.3"]
[White "Nodirbek Abdusattorov"]
[Black "Alexei Barsov"]
[Result "1/2-1/2"]
[EventDate "?"]
[WhiteElo "2465"]
[BlackElo "2462"]
[PlyCount "180"]

1. Nf3 d5 2. g3 Bg4 3. Bg2 e6 4. O-O Nd7 5. b3 Be7 6. Bb2 Bf6 7. d4 Ne7 8. Nbd2 c5 9. h3 Bxf3 10. Nxf3 cxd4 11. Nxd4 O-O 12. e3 Nf5 13. Qe2 Nxd4 14. exd4 Qb6 15. Rfd1 Rac8 16. a4 Nb8 17. a5 Qc7 18. Rdc1 Nc6 19. Qd2 Rfd8 20. Ra4 b5 21. axb6 Qxb6 22. Kh2 h5 23. h4 g6 24. Rca1 a5 25. Kh1 Nb4 26. Rc1 Rc7 27. Bf1 Rdc8 28. c4 dxc4 29. Bxc4 Rd8 30. Rca1 Ra7 31. Kg1 Bxd4 32. Bxd4 Rxd4 33. Qc3 Qc5 34. Kg2 Rd3 35. Qf6 Rd2 36. Qf4 Rdd7 37. Re1 Nd3 38. Bxd3 Rxd3 39. Qc4 Qxc4 40. bxc4 Rc3 41. Rea1 Rc7 42. Rxa5 R7xc4 43. R1a3 Rc2 44. Ra2 Kg7 45. Rxc2 Rxc2 46. Rb5 Rd2 47. Ra5 Kf6 48. Ra7 e5 49. Ra6+ Kf5 50. Ra7 Ke6 51. Ra8 e4 52. Re8+ Kf5 53. Re7 f6 54. Re8 Rd5 55. Re7 Re5 56. Rg7 Re6 57. Rg8 Re7 58. Rf8 Ra7 59. Re8 Ra2 60. Re7 Ra3 61. Re8 Rb3 62. Re7 Ra3 63. Re8 Ra2 64. Re7 Ra6 65. Re8 Re6 66. Rg8 Re7 67. Rf8 Re6 68. Rg8 e3 69. fxe3 Rxe3 70. Ra8 Rd3 71. Ra6 Rd4 72. Kf3 Ke5 73. Ra5+ Rd5 74. Ra6 Rd3+ 75. Kf2 Kf5 76. Ra4 g5 77. hxg5 fxg5 78. g4+ hxg4 79. Kg2 Re3 80. Ra8 Re2+ 81. Kg3 Re3+ 82. Kg2 g3 83. Ra5+ Kg4 84. Ra4+ Kh5 85. Rb4 Ra3 86. Rc4 g4 87. Rc8 Kh4 88. Rh8+ Kg5 89. Rg8+ Kh4 90. Rh8+ Kg5 1/2-1/2

[Event "ch-UZB 2015"]
[Site "Tashkent UZB"]
[Date "2015.05.06"]
[Round "2.3"]
[White "Nikita Khoroshev"]
[Black "Nodirbek Abdusattorov"]
[Result "1/2-1/2"]
[EventDate "?"]
[WhiteElo "2314"]
[BlackElo "2465"]
[PlyCount "160"]

1. Nf3 d5 2. c4 e6 3. g3 Nf6 4. Bg2 Be7 5. O-O O-O 6. Qc2 b6 7. cxd5 exd5 8. d4 Bb7 9. Nc3 c5 10. Rd1 Nbd7 11. Bf4 Rc8 12. Nb5 cxd4 13. Qb1 d3 14. exd3 Nh5 15. Bd6 Ba6 16. Nfd4 Nc5 17. Bxe7 Qxe7 18. Nc3 Nf6 19. Bh3 Rce8 20. b4 Qe5 21. Nce2 Ne6 22. Nxe6 fxe6 23. Re1 Qd6 24. Nd4 e5 25. Nf5 Qb8 26. b5 Bc8 27. Qb4 Kh8 28. Qh4 d4 29. Rac1 Bd7 30. a4 g6 31. Nh6 g5 32. Qxg5 Bxh3 33. Rc6 Qd8 34. Qh4 Bc8 35. Qg5 Bd7 36. Rd6 Qe7 37. Rxd4 Qg7 38. Rxe5 Bh3 39. Qxg7+ Kxg7 40. Nf5+ Kg6 41. Ne7+ Kf7 42. Nc6 h5 43. f3 Rxe5 44. Nxe5+ Kg7 45. Nc6 Rf7 46. Rd8 Nd7 47. Kf2 Nc5 48. Ra8 Nxa4 49. Nxa7 Nc5 50. Nc6 Nxd3+ 51. Ke3 Nc5 52. f4 Bf1 53. Nd4 Re7+ 54. Kf2 Bd3 55. Rb8 Na4 56. Rc8 Re4 57. Nf5+ Kg6 58. Nd6 Re6 59. Rc6 Nc5 60. Nc8 Bxb5 61. Rxe6+ Nxe6 62. Nxb6 Nc7 63. Nc8 Kf5 64. Ne7+ Kf6 65. Nc8 Ke6 66. Ke3 Kd7 67. Nb6+ Kc6 68. Nc8 Nd5+ 69. Kd4 Ba6 70. Na7+ Kd6 71. Ke4 Nc7 72. f5 Kc5 73. f6 Kd6 74. Kf5 Ne6 75. f7 Ke7 76. Nc6+ Kxf7 77. Ne5+ Ke7 78. Ng6+ Kd6 79. Nf4 Nxf4 80. Kxf4 1/2-1/2

[Event "ch-UZB 2015"]
[Site "Tashkent UZB"]
[Date "2015.05.05"]
[Round "1.1"]
[White "Nodirbek Abdusattorov"]
[Black "Shamsiddin Vokhidov"]
[Result "1-0"]
[EventDate "?"]
[WhiteElo "2465"]
[BlackElo "2266"]
[PlyCount "64"]

1. e4 e5 2. Nf3 Nc6 3. Bb5 a6 4. Ba4 Nf6 5. O-O b5 6. Bb3 Bc5 7. d3 h6 8. a4 Rb8 9. axb5 axb5 10. c3 O-O 11. d4 Bb6 12. dxe5 Nxe4 13. Bd5 Nc5 14. b4 Ne6 15. Na3 Ne7 16. Be4 c6 17. Re1 f6 18. c4 bxc4 19. Nxc4 fxe5 20. Nxb6 Qxb6 21. Qd6 Nf5 22. Qxe5 d6 23. Qa5 d5 24. Qxb6 Rxb6 25. Bd3 Nfd4 26. Nxd4 Nxd4 27. Ra7 Ne6 28. Bb2 c5 29. Ba1 c4 30. Rxe6 Rxe6 31. Rxg7+ Kh8 32. Rc7+ 1-0

[Event "9th Agzamov Memorial 2015"]
[Site "Tashkent UZB"]
[Date "2015.03.15"]
[Round "5.6"]
[White "Marat Dzhumaev"]
[Black "Nodirbek Abdusattorov"]
[Result "1/2-1/2"]
[EventDate "?"]
[WhiteElo "2502"]
[BlackElo "2263"]
[PlyCount "132"]

1. e4 e5 2. Nf3 Nc6 3. d4 exd4 4. Nxd4 Bb4+ 5. c3 Bc5 6. Be3 Bb6 7. Nf5 Bxe3 8. Nxe3 Nf6 9. Nd2 O-O 10. Qc2 Ne5 11. Be2 d5 12. O-O-O Neg4 13. Bxg4 Nxg4 14. Ndc4 Qh4 15. Nxg4 Qxg4 16. Ne3 Qxe4 17. Nxd5 Qxc2+ 18. Kxc2 Bf5+ 19. Kc1 Rae8 20. Rhe1 Rxe1 21. Rxe1 Bd7 22. Nxc7 Bc6 23. f3 Rd8 24. b4 Rc8 25. b5 Bd7 26. b6 axb6 27. Nd5 Kf8 28. Nxb6 Rxc3+ 29. Kd2 Rc7 30. Nxd7+ Rxd7+ 31. Kc3 Re7 32. Rxe7 Kxe7 33. Kc4 Kd6 34. Kb5 Kd7 35. Kb6 Kc8 36. f4 h5 37. g3 Kb8 38. f5 f6 39. Kc5 Kc7 40. Kd5 Kd7 41. h3 Ke7 42. Kc5 Kd7 43. Kb6 Kc8 44. Kb5 Kc7 45. Kc5 Kd7 46. Kb6 Kc8 47. Kb5 Kc7 48. Kc5 Kd7 49. a3 Kc7 50. Kb5 Kd7 51. Kc5 Kc7 52. Kd5 Kd7 53. Kc5 Kc7 54. Kb5 Kd7 55. Kb6 Kc8 56. h4 Kb8 57. Kb5 Kc7 58. Kc5 Kd7 59. Kd5 Ke7 60. Kc5 Kd7 61. Kb6 Kc8 62. Kc5 Kc7 63. Kd5 Kd7 64. Kc5 Kc7 65. Kb5 Kd7 66. Kb6 Kc8 1/2-1/2

[Event "9th Agzamov Memorial 2015"]
[Site "Tashkent UZB"]
[Date "2015.03.12"]
[Round "2.1"]
[White "Nodirbek Abdusattorov"]
[Black "Tigran L Petrosian"]
[Result "0-1"]
[EventDate "?"]
[WhiteElo "2263"]
[BlackElo "2671"]
[PlyCount "118"]

1. Nf3 g6 2. g3 Bg7 3. Bg2 e5 4. e4 Nc6 5. O-O d6 6. c3 Nf6 7. d4 O-O 8. dxe5 dxe5 9. Qc2 h6 10. h3 a5 11. a4 Be6 12. b3 Qc8 13. Kh2 Rd8 14. Ba3 Qd7 15. Nbd2 Bf8 16. Bxf8 Kxf8 17. Rfd1 Qe7 18. Bf1 Nd7 19. Nc4 Qf6 20. Ne1 Nc5 21. Kg2 Kg7 22. Be2 Qe7 23. Nf3 f6 24. Rac1 Qf7 25. Rb1 b6 26. Ncd2 Rd6 27. b4 Nb7 28. Bb5 Ne7 29. Nf1 Rxd1 30. Qxd1 Nd6 31. Bd3 Qe8 32. Qc2 Qd7 33. h4 axb4 34. Rxb4 Nc6 35. Rb1 Nd8 36. Bb5 Nxb5 37. axb5 Ra2 38. Qc1 Bh3+ 39. Kg1 Qd3 40. N3d2 Rc2 41. Qe1 Nf7 42. Rd1 Bg4 43. Rc1 Rxc3 44. Ne3 Rxc1 45. Qxc1 Be6 46. h5 gxh5 47. Nf5+ Bxf5 48. exf5 h4 49. gxh4 Qxf5 50. Qc4 h5 51. Kf1 Qg4 52. Qc3 Qxh4 53. Qxc7 Qb4 54. Qxb6 Qxd2 55. Qc6 Qd6 56. Qg2+ Kh6 57. Qb7 Qd1+ 58. Kg2 Qg4+ 59. Kh1 Ng5 0-1

[Event "Tashkent February Round Robin"]
[Site "Tashkent UZB"]
[Date "2015.03.03"]
[Round "9.1"]
[White "Igonin , Temur"]
[Black "Abdusattorov , Nodirbek"]
[Result "1/2-1/2"]
[EventDate "?"]
[WhiteElo "2274"]
[BlackElo "2193"]
[Source "2015.03.04"]
[PlyCount "100"]

1. e4 e5 2. Nf3 Nc6 3. Bc4 Bc5 4. O-O d6 5. c3 Nf6 6. d3 h6 7. Re1 O-O 8. Bb3 Bb6 9. Nbd2 Ne7 10. Nf1 Ng6 11. Ng3 c6 12. h3 Be6 13. Bc2 Qc7 14. d4 Rad8 15. Be3 Rfe8 16. Qc1 Qe7 17. a4 c5 18. a5 Bc7 19. d5 Bd7 20. Ba4 Bxa4 21. Rxa4 Qd7 22. Ra3 Rc8 23. Nd2 Bd8 24. Nc4 Be7 25. f3 Nh4 26. Kh2 Nh7 27. f4 exf4 28. Bxf4 Ng5 29. Qe3 f5 30. Nd2 Bf6 31. Raa1 Re7 32. Qf2 Rf8 33. Nh5 Ng6 34. Nxf6+ Rxf6 35. Bxg5 hxg5 36. Qg3 Re5 37. Nf3 Rxe4 38. Rxe4 fxe4 39. Nxg5 Qf5 40. Re1 Qxd5 41. Nxe4 Re6 42. Qg4 c4 43. Re2 Nf8 44. Nd2 Rxe2 45. Qxe2 Qxa5 46. Qxc4+ Kh8 47. Qh4+ Kg8 48. Qc4+ Kh8 49. Qh4+ Kg8 50. Qc4+ Kh8 1/2-1/2

[Event "Tashkent February Round Robin"]
[Site "Tashkent UZB"]
[Date "2015.03.01"]
[Round "5.1"]
[White "Vul , Arkadi"]
[Black "Abdusattorov , Nodirbek"]
[Result "1/2-1/2"]
[EventDate "?"]
[WhiteElo "2270"]
[BlackElo "2193"]
[Source "2015.03.01"]
[PlyCount "78"]

1. Nf3 Nf6 2. c4 g6 3. g3 Bg7 4. Bg2 d5 5. d4 O-O 6. O-O dxc4 7. Na3 Nc6 8. Nxc4 Be6 9. b3 Bd5 10. Bb2 Qc8 11. Nfe5 Bxg2 12. Kxg2 Nb4 13. Qd2 c5 14. dxc5 Qxc5 15. a3 Nc6 16. Qe3 Qxe3 17. Nxe3 Na5 18. b4 Nb3 19. Rad1 Rfd8 20. Rxd8+ Rxd8 21. Rd1 Rxd1 22. Nxd1 Ne4 23. a4 a5 24. bxa5 Nec5 25. Nc4 Nxa4 26. Bxg7 Kxg7 27. Kf3 Kf6 28. Ke4 Ke6 29. Kd3 f6 30. f3 Kd7 31. Kc2 Nd4+ 32. Kd3 Ne6 33. Ndb2 Nxb2+ 34. Nxb2 Nd8 35. Kc3 Nc6 36. Nc4 f5 37. e4 e5 38. Kd3 Ke6 39. Ke3 1/2-1/2

[Event "Tashkent February Round Robin"]
[Site "Tashkent UZB"]
[Date "2015.02.28"]
[Round "3.1"]
[White "Dmitrenko , Viktor"]
[Black "Abdusattorov , Nodirbek"]
[Result "1/2-1/2"]
[EventDate "?"]
[WhiteElo "2350"]
[BlackElo "2193"]
[PlyCount "54"]

1. d4 Nf6 2. c4 g6 3. f3 d5 4. cxd5 Nxd5 5. e4 Nb6 6. Nc3 Bg7 7. Be3 O-O 8. Qd2 Nc6 9. O-O-O Qd6 10. Nb5 Qd7 11. Bh6 a6 12. Bxg7 Kxg7 13. Nc3 e5 14. d5 Nd4 15. f4 f6 16. h4 h5 17. Nf3 Qd6 18. fxe5 Nxf3 19. exf6+ Qxf6 20. gxf3 Qxf3 21. Qd4+ Qf6 22. e5 Qf4+ 23. Qxf4 Rxf4 24. e6 c6 25. e7 Bg4 26. Re1 Re8 27. dxc6 1/2-1/2

[Event "Tashkent February Round Robin"]
[Site "Tashkent UZB"]
[Date "2015.02.28"]
[Round "4.1"]
[White "Abdusattorov , Nodirbek"]
[Black "Faizullaev , Akmal"]
[Result "1-0"]
[EventDate "?"]
[WhiteElo "2193"]
[BlackElo "2315"]
[PlyCount "116"]

1. Nf3 Nf6 2. g3 g6 3. Bg2 Bg7 4. O-O O-O 5. d4 d6 6. a4 Nc6 7. a5 a6 8. Nc3 e5 9. dxe5 dxe5 10. e4 Bg4 11. Qxd8 Raxd8 12. Bg5 Rd7 13. Ra4 h6 14. Be3 Rfd8 15. h3 Be6 16. Rc1 Ne8 17. Ne1 Nd4 18. Kh2 c6 19. Nd3 Rd6 20. Nc5 Bc8 21. Raa1 Nc7 22. N3a4 Nce6 23. h4 f5 24. Bh3 Nxc5 25. Nxc5 Rf8 26. c3 Nf3+ 27. Kg2 f4 28. Bxc8 fxe3 29. Be6+ Kh8 30. Rc2 h5 31. fxe3 Bh6 32. Rf1 Nxh4+ 33. gxh4 Rxf1 34. Kxf1 Bxe3 35. Bc8 Bxc5 36. Bxb7 Rd1+ 37. Ke2 Rh1 38. Bxa6 Rxh4 39. Kd3 Rh1 40. b4 Ba7 41. Bb7 h4 42. Bxc6 h3 43. b5 h2 44. Kc4 Be3 45. b6 Kg7 46. Bd7 Kf6 47. Bg4 Ra1 48. Rxh2 Rxa5 49. b7 Ba7 50. Rh8 Ra4+ 51. Kd3 Kg5 52. Bd7 Ra6 53. Ra8 Rd6+ 54. Ke2 Bb8 55. Rxb8 Rxd7 56. c4 Kg4 57. c5 Rc7 58. c6 1-0

[Event "Tashkent February Round Robin"]
[Site "Tashkent UZB"]
[Date "2015.02.27"]
[Round "1.1"]
[White "Alisher Rustamov"]
[Black "Nodirbek Abdusattarov"]
[Result "0-1"]
[EventDate "2015.02.27"]
[WhiteElo "2211"]
[BlackElo "2193"]
[Source "2015.02.27"]
[PlyCount "166"]

1. e4 e5 2. f4 d5 3. exd5 exf4 4. Nf3 Nf6 5. Bb5+ c6 6. dxc6 Nxc6 7. d4 Qa5+ 8. Nc3 Bb4 9. Qe2+ Be6 10. Bd2 O-O 11. O-O Rfe8 12. a3 Bxc3 13. Bxc3 Qb6 14. Bxc6 bxc6 15. Ne5 Nd5 16. Qd2 Bf5 17. Kh1 f6 18. Nc4 Qa6 19. b3 Re6 20. Rae1 Rae8 21. Nd6 Re2 22. Rxe2 Rxe2 23. Re1 Bg4 24. Bb2 Re6 25. c4 Ne3 26. Qb4 h6 27. h3 Kh7 28. Qc5 Bd1 29. Bc1 Bc2 30. Nf5 Bxf5 31. Rxe3 Rxe3 32. Qxf5+ Kh8 33. Bxe3 fxe3 34. Qe6 Qxa3 35. Qxe3 Qd6 36. Qe8+ Kh7 37. Qe4+ Kg8 38. b4 Kf7 39. b5 c5 40. Qb7+ Kg6 41. Qe4+ Kf7 42. dxc5 Qxc5 43. Qb7+ Kg6 44. Qe4+ Kf7 45. h4 f5 46. Qb7+ Kf6 47. Qa6+ Kf7 48. h5 f4 49. Qg6+ Kf8 50. Kh2 Qxc4 51. Qd6+ Kf7 52. Qd7+ Kg8 53. Qxa7 Qxb5 54. Qa8+ Kf7 55. Qf3 Qg5 56. Qb7+ Kf6 57. Qc6+ Ke5 58. Qe8+ Kd5 59. Qf7+ Kd6 60. Qf8+ Ke6 61. Qc8+ Ke5 62. Qe8+ Kd4 63. Qd7+ Ke4 64. Qc6+ Kd4 65. Qd7+ Ke4 66. Qc6+ Qd5 67. Qc2+ Kd4 68. Qd2+ Ke5 69. Qc3+ Qd4 70. Qc7+ Kf5 71. Qc2+ Qe4 72. Qc7 Qe5 73. Qf7+ Kg4 74. Qg6+ Kh4 75. Qb1 Kxh5 76. Qd1+ Kh4 77. Qf3 Qe3 78. Qc6 h5 79. Qd7 g5 80. Qd1 Qe5 81. Kh1 g4 82. Qc1 Qe3 83. Qd1 Kg3 0-1